| 000 | 00632nam a22001817a 4500 | ||
|---|---|---|---|
| 020 | _qHard Cover. | ||
| 082 | _a330 | ||
| 100 | _aSana Shahid : Mahnoor Abbasi : Irteza Ahmed. | ||
| 245 |
_aTraditional vs. Solar Tube Wells: _bA case study from Jaranwala (chak 561GB) / _cShahid, Sana : Abbasi, Mahnoor : Ahmed, Irteza |
||
| 260 |
_aIslamabad: _bS3H-NUST, _c2021. |
||
| 300 |
_a47 p. : _bill. ; _c30cm. |
||
| 563 | _aHB | ||
| 650 | _aBS-Economics. | ||
| 700 |
_aDr. Wajiha Haq _955350 |
||
| 856 | _uhttp://10.250.8.41:8080/xmlui/handle/123456789/24397 | ||
| 942 |
_2ddc _cPR |
||
| 999 |
_c566184 _d566184 |
||